Cedulario de la Isla de Santo Domingo / (Registro nro. 14208)

Detalles MARC
000 -LIDER
fixed length control field 01375nam a2200301 a 4500
001 - NÚMERO DE CONTROL
Identificador de número de control
003 - IDENTIFICACDOR DE NÚMERO DE CONTROL
control field DO-SdBNP
005 - DATE AND TIME OF LATEST TRANSACTION
control field 20220518123856.0
008 - ELEMENTOS DE LONGITUD FIJA
fixed length control field 101013s2013 dr 001 0 spa d
020 ## - ISBN
International Standard Book Number 9789945074710
040 ## - FUENTE DE CATALOGACIÓN
Agencia que crea de manera original el registro BPMSU
Idioma de catalogación spa
Agencia que realiza la transcripción BPMSU
082 ## - NÚMERO DE CLASIFICACIÓN DECIMAL DE DEWEY
Classification number 972.9302
Item number R896c 2013
Edition number 22
100 1# - ASIENTO PRINCIPAL -- NOMBRE PERSONAL
Nombre personal Rubio, Vicente,
Títulos u otras palabras asociadas con el nombre Fray,
Fechas asociadas con el nombre 1923-2006
245 10 - MENCIÓN DE TITULO
Título Cedulario de la Isla de Santo Domingo /
Mención de responsabilidad Fray Vicente Rubio, O.P.
260 ## - PUBLICACIÓN, DISTRIBUCIÓN, ETC. (PIE DE IMPRENTA)
Lugar de publicación, distribución, etc Santo Domingo :
Nombre del editor, distribuidor, etc. Centro de Altos Estudios Humanísticos y del Idioma Español ;
-- Archivo General de la Nación,
Fecha de publicación, distribución, etc 2013
300 ## - DESCRIPCIÓN FÍSICA
Extensión v. :
Otros detalles físicos il., tablas ;
Dimensiones 27 cm.
490 0# - MENCIÓN DE SERIES
Mención de serie Archivo General de la Nación,
Volume/sequential designation 158
500 ## - NOTA GENERAL
Nota general Incluye datos biográficos del autor en las solapas de la cubierta.
504 ## - NOTA DE BIBLIOGRAFÍA, ETC.
Bibliography, etc Incluye referencias bibliográficas y notas al pie de las páginas.
505 0# - NOTA DE CONTENIDO
Información miscelánea v.1. 1492-1501.
Título Gobierno de Cristóbal Colón --
-- Gobierno de Francisco Bobadilla.
Información miscelánea v.2. 1501-1509
Título Gobierno de Nicolás de Ovando
590 ## - NOTA LOCAL
Enlace Inventariado, 2022/VM
650 #4 - ENCABEZAMIENTO DE MATERIA--TEMÁTICO
Término temático o nombre geográfico como elemento de entrada Gobierno local
Subdivisión geográfica Santo Domingo (República Dominicana
651 #4 - ENCABEZAMIENTO DE MATERIA--NOMBRE GEOGRÁFICO
Nombre geográfico República Dominicana
Subdivisión temática general Historia
Subdivisión cronológica Colonia,1503-1795
Subdivisión temática general Fuentes
651 #4 - ENCABEZAMIENTO DE MATERIA--NOMBRE GEOGRÁFICO
Nombre geográfico Santo Domingo (República Dominicana
Subdivisión temática general Historia
Subdivisión cronológica SIGLO XVI
Subdivisión temática general Fuentes
710 2# - ASIENTO SECUNDARIO -- NOMBRE CORPORATIVO
Nombre corporativo o de jurisdicción Archivo General de la Nación (República Dominicana)
910 ## - VALIDACIÓN
Validación Validado. Control de calidad VMateo V.
942 ## - ADDED ENTRY ELEMENTS (KOHA)
Source of classification or shelving scheme Dewey Decimal Classification
Koha item type Libros
Existencias
Withdrawn status Lost status Source of classification or shelving scheme Damaged status Not for loan Collection code Home library Current library Date acquired Full call number Barcode Date last seen Copy number Price effective from Koha item type
    Dewey Decimal Classification     Colección Dominicana Biblioteca Pública Metropolitana Salomé Ureña Biblioteca Pública Metropolitana Salomé Ureña 05/18/2022 BPMSU CD 972.9302 R896c 2013 BPMSU22050049 05/18/2022 v.2 05/18/2022 Libros